Szczegóły MARC21

Powstanie i rozwój mediów : od malowideł naskalnych do multimediów /

003 -Nazwa inst., której nr kontr. jest w polu 001 [,]
    • @
    • Nazwa instytucji, której n kontrolny jest w polu 001
    • NUKAT
005 -DATA I CZAS OSTATNIEJ MODYFIKACJI [,]
    • @
    • pole kontrolne
    • 20241231091320.0
020 -Międzynarod. znormalizowany nr książki - ISBN [ , ]
    • a
    • Numer ISBN
    • 8372711054 Find
040 -Instytucja sporządzająca opis [ , ]
    • a
    • Instytucja, która sporządziła opis (NP)
    • POZN U/AC
    • c
    • Instytucja, która sporządziła rekord (NP)
    • POZN U/AC
    • d
    • Instytucja, która zmodyfikowała rekord (P)
    • POZN U/HC
    • d
    • Instytucja, która zmodyfikowała rekord (P)
    • POZN U/OB
942 -Rodzaj dokumentu [ , ]
    • c
    • Rodzaj dokumentu
    • Książka
100 -Hasło główne - nazwa osobowa [1, ]
    • a
    • Nazwa osobowa (NP)
    • Goban-Klas, Tomasz
    • d
    • Daty biograficzne (NP)
    • (1942- ).
    • 9
    • KHW
    • 9947
245 -Strefa tytułu i oznaczenia odpowiedzialności [1,0]
    • a
    • Tytuł
    • Powstanie i rozwój mediów : Find
    • b
    • Ciąg dalszy tytułu (NP)
    • od malowideł naskalnych do multimediów / Find
    • c
    • Pozostałe elementy strefy tytułu i oznaczenia odpowiedzialności (NP)
    • Tomasz Goban-Klas ; kalendarium oprac. Zbigniew Bauer.
246 -Wariant tytułu [1,4]
    • a
    • Tytuł (NP)
    • Zarys historii i rozwoju mediów
250 -Strefa wydania [ , ]
    • a
    • Oznaczenie wydania (NP)
    • Dodr.
260 -Strefa adresu wydawniczego [ , ]
    • a
    • Miejsce wydania (P)
    • Kraków :
    • b
    • Nazwa wydawcy (P)
    • Wydawnictwo Naukowe AP,
    • c
    • Data wydania (P)
    • 2008.
300 -Strefa opisu fizycznego [ , ]
    • a
    • Określenie formy książki i/lub objętość (NP)
    • 166, [2] s. ;
    • c
    • Format (NP)
    • 21 cm.
336 -Typ zawartości [ , ]
    • a
    • Termin opisujący typ zawartości
    • Tekst
    • b
    • Kod określający zawartość
    • txt
    • 2
    • Źródło (terminu i kodu)
    • rdacontent
337 -Typ mediów [ , ]
    • a
    • Tryb odtwarzania
    • Bez urządzenia pośredniczącego
    • b
    • Kod typu mediów
    • n
    • 2
    • Źródło (terminu i kodu)
    • rdamedia
338 -Typ/rodzaj nośnika [ , ]
    • a
    • Hasło opisujące typ nośnika
    • Wolumin
    • b
    • Kod typu nośnika
    • nc
    • 2
    • Źródło (terminu i kodu)
    • rdacarrier
500 -Uwaga ogólna [ , ]
    • a
    • Uwaga ogólna (NP)
    • Data cop.: 2001.
650 -Hasło przedmiotowe [ ,7]
    • a
    • Hasło przedmiotowe
    • Komunikacja
    • x
    • Określnik rzeczowy
    • aspekt społeczny
    • x
    • Określnik rzeczowy
    • historia.
    • 2
    • Źródło terminu
    • kaba
    • 9
    • KHW
    • 375039
650 -Hasło przedmiotowe [ ,7]
    • a
    • Hasło przedmiotowe
    • Mass media
    • x
    • Określnik rzeczowy
    • historia.
    • 2
    • Źródło terminu
    • kaba
    • 9
    • KHW
    • 355427
650 -Hasło przedmiotowe [ ,7]
    • a
    • Hasło przedmiotowe
    • Multimedia
    • x
    • Określnik rzeczowy
    • prognozy.
    • 2
    • Źródło terminu
    • kaba
    • 9
    • KHW
    • 422762
700 -Hasło dodatkowe - nazwa osobowa [1, ]
    • a
    • Nazwa osobowa (NP)
    • Bauer, Zbigniew Find
    • d
    • Daty biograficzne (NP)
    • (1952-2014).
    • e
    • Określenie rodzaju współpracy
    • Oprac.
    • 9
    • KHW
    • 82987
710 -Hasło dodatkowe - nazwa ciała zbiorowego [2, ]
    • a
    • Nazwa ciała zbiorowego lub nazwa geograficzna jako pierwszy element (NP)
    • Akademia Pedagogiczna im. Komisji Edukacji Narodowej (Kraków).
    • b
    • Nazwa jednostki podrzędnej (P)
    • Wydawnictwo Naukowe.
    • 4
    • Kod relacji
    • pbl
    • 9
    • KHW
    • 57482
920 -ISBN [ , ]
    • a
    • ISBN
    • 83-7271-105-4 Find
Sygnatura Numer inwentarzowy Status udost. Lokalizacja Data inwentaryzacji
POL. Media – historia 07P.258911BM2017-07-19